[Event "Prague op-A 06th"]
[Site "Prague"]
[Date "2007.01.16"]
[Round "7"]
[White "Eisen, Lewis"]
[Black "Konopka, Michal"]
[Result "1-0"]
[WhiteElo "2256"]
[BlackElo "2426"]
[PlyCount "87"]
[EventDate "2007.01.11"]
[EventType "swiss"]
[EventRounds "9"]
[EventCountry "CZE"]
[SourceTitle "CBM 116 Extra"]
[Source "ChessBase"]
[SourceDate "2007.03.07"]
[SourceVersion "1"]
[SourceVersionDate "2007.03.07"]
[SourceQuality "1"]

1. e4 g6 2. d4 Bg7 3. Nf3 d6 4. Nc3 c6 5. Be3 b5 6. Bd3 Nd7 7. Qd2 Bb7 8. 0-0 Qc7 9. a4 b4 10. Ne2 a5 11. c3 bxc3 12. bxc3 Ngf6 13. Bh6 0-0 14. Ng3 c5 15. Bxg7 Kxg7 16. h4 Ba6 17. Bxa6 Rxa6 18. h5 Rb8 19. Rab1 Rxb1 20. Rxb1 Rb6 21. Re1 e5 22. dxe5 Nxe5 23. h6+ Kf8 24. Nxe5 dxe5 25. Rd1 Ne8 26. Qe3 c4 27. f3 Rd6 28. Rxd6 Nxd6 29. Nf1 Nc8 30. Qg5 Qe7 31. Qg4 Nb6 32. Kh2 Qc5 33. Qg5 Qe7 34. Qg4 Qe6 35. Qg5 f6 36. Qd2 Ke7 37. Ne3 Qd6 38. Qb2 Nxa4 39. Qb7+ Qd7 40. Nd5+ Ke6 41. Qa6+ Qd6 42. Qc8+ Qd7 43. Qxc4 Kd6 44. Nxf6 1-0

[Event "USA tt playoffs"]
[Site "ICC INT"]
[Date "2005.11.09"]
[Round "1"]
[White "Kaufman, Raymond"]
[Black "Eisen, Lewis"]
[Result "1-0"]
[WhiteElo "2268"]
[BlackElo "2261"]
[PlyCount "87"]
[EventDate "2005.11.09"]
[EventType "team"]
[EventRounds "1"]
[EventCountry "USA"]
[SourceTitle "EXT 2006"]
[Source "ChessBase"]
[SourceDate "2005.11.24"]
[SourceVersion "1"]
[SourceVersionDate "2005.11.24"]
[SourceQuality "1"]

1. d4 d5 2. c4 c6 3. Nf3 Nf6 4. e3 g6 5. Nc3 Bg7 6. Bd3 0-0 7. 0-0 Bg4 8. h3 Bxf3 9. Qxf3 dxc4 10. Bxc4 Nbd7 11. Rd1 Rc8 12. e4 e5 13. d5 cxd5 14. Bxd5 Nxd5 15. Nxd5 Nb6 16. Be3 Nxd5 17. Rxd5 Qc7 18. Rc1 Qb8 19. Rcd1 b6 20. Rd7 h6 21. h4 Qa8 22. h5 gxh5 23. R1d5 Rcd8 24. Qf5 Rxd7 25. Rxd7 Qc6 26. Rxa7 h4 27. Kh2 Qd6 28. Rb7 b5 29. Rxb5 Rb8 30. Bc5 Qc7 31. Rxb8+ Qxb8 32. b4 Qb5 33. Qc8+ Kh7 34. Qa8 h5 35. Qd5 Kg6 36. Be7 Qe2 37. Bxh4 Qg4 38. Bg3 f6 39. f3 Qc8 40. b5 Bh6 41. Bxe5 h4 42. Qc6 Qd8 43. b6 Kh5 44. Bc7 1-0

[Event "USA tt"]
[Site "ICC INT"]
[Date "2005.10.26"]
[Round "9"]
[White "Rouleau, John S"]
[Black "Eisen, Lewis"]
[Result "0-1"]
[WhiteElo "2264"]
[BlackElo "2261"]
[PlyCount "55"]
[EventDate "2005.10.05"]
[EventType "team"]
[EventRounds "10"]
[EventCountry "USA"]
[SourceTitle "CBM 108 Extra"]
[Source "ChessBase"]
[SourceDate "2005.11.04"]
[SourceVersion "1"]
[SourceVersionDate "2005.11.04"]
[SourceQuality "1"]

1. e4 e5 2. Nf3 Nc6 3. Bb5 Nf6 4. 0-0 Bc5 5. c3 0-0 6. d4 Bb6 7. Bg5 h6 8. Bh4 Re8 9. Qd3 g5 10. Bg3 exd4 11. e5 Nh5 12. Bc4 Kg7 13. cxd4 d5 14. exd6 cxd6 15. Bxf7 Kxf7 16. Qh7+ Ng7 17. Qxh6 Bf5 18. Nxg5+ Kg8 19. Nc3 d5 20. Bh4 Qd7 21. g4 Bd3 22. Rad1 Qxg4+ 23. Kh1 Qxd4 24. Rg1 Re4 25. Qh7+ Kf8 26. Qh8+ Ke7 27. Ngxe4+ Ke6 28. Qh6+ 0-1

[Event "USA tt"]
[Site "ICC INT"]
[Date "2005.09.14"]
[Round "3"]
[White "Pinto, Mark A"]
[Black "Eisen, Lewis"]
[Result "1/2-1/2"]
[WhiteElo "2103"]
[BlackElo "2261"]
[PlyCount "100"]
[EventDate "2005.10.05"]
[EventType "team"]
[EventRounds "10"]
[EventCountry "USA"]
[SourceTitle "CBM 108 Extra"]
[Source "ChessBase"]
[SourceDate "2005.11.04"]
[SourceVersion "1"]
[SourceVersionDate "2005.11.04"]
[SourceQuality "1"]

1. d4 d5 2. Nf3 c6 3. e3 Nf6 4. Bd3 Bg4 5. Nbd2 Nbd7 6. h3 Bxf3 7. Nxf3 Qc7 8. Bd2 e6 9. 0-0 Be7 10. c4 0-0 11. Qc2 Rac8 12. Rac1 h6 13. Bc3 Qb8 14. c5 Bd8 15. b4 Bc7 16. Rfd1 e5 17. dxe5 Nxe5 18. Bxe5 Bxe5 19. Bf5 Rce8 20. Nd4 Bxd4 21. Rxd4 Re5 22. Bd3 a6 23. a4 Rfe8 24. b5 axb5 25. axb5 Ne4 26. b6 Qd8 27. Ra1 Qe7 28. Bxe4 dxe4 29. Rd6 Qg5 30. Rad1 Rxc5 31. Qa4 Ra5 32. Qd4 Ree5 33. Rd8+ Kh7 34. Qd7 Rad5 35. Qc8 Rxd1+ 36. Rxd1 Re7 37. Rd8 Qe5 38. Qa8 Qb2 39. Qa7 Qc1+ 40. Kh2 Qb2 41. Rb8 Qxf2 42. Rxb7 Rxb7 43. Qxb7 Qxe3 44. Qc7 f5 45. b7 f4 46. b8Q Qg3+ 47. Kg1 Qe1+ 48. Kh2 Qg3+ 49. Kg1 Qe1+ 50. Kh2 Qg3+ 1/2-1/2

[Event "Las Vegas National op"]
[Site "Las Vegas"]
[Date "2004.06.19"]
[Round "3"]
[White "Matikozian, Andranik"]
[Black "Eisen, Lewis"]
[Result "1/2-1/2"]
[WhiteElo "2467"]
[BlackElo "2242"]
[PlyCount "120"]
[EventDate "2004.06.18"]
[EventType "swiss"]
[EventRounds "6"]
[EventCountry "USA"]
[SourceTitle "CBM 100 Extra"]
[Source "ChessBase"]
[SourceDate "2004.07.06"]
[SourceVersion "2"]
[SourceVersionDate "2004.07.06"]
[SourceQuality "1"]

1. e4 c5 2. Nc3 e6 3. Nf3 a6 4. d4 cxd4 5. Nxd4 Nc6 6. g3 d6 7. Bg2 Bd7 8. 0-0 Be7 9. a4 Nf6 10. Be3 Rb8 11. Nxc6 Bxc6 12. a5 0-0 13. Bb6 Qc8 14. Re1 Nd7 15. Ba7 Ra8 16. Bd4 Bd8 17. Qd2 Bc7 18. b3 Qd8 19. Nd1 e5 20. Bb2 Nc5 21. Ra3 b5 22. b4 Ne6 23. Rd3 Qe7 24. Ne3 g6 25. Nd5 Bxd5 26. exd5 Ng7 27. Bxe5 dxe5 28. d6 Bxd6 29. Bxa8 Bxb4 30. c3 Bxa5 31. Bg2 Qc7 32. Qe3 Re8 33. Rc1 h5 34. Qe4 Ne6 35. Qc6 Rc8 36. Ra1 Qxc6 37. Bxc6 Rxc6 38. Rxa5 e4 39. Re3 f5 40. Kf1 Kf7 41. Ke1 Nc7 42. c4 Rxc4 43. Kd2 Nd5 44. Rea3 Nb4 45. Rc3 Rd4+ 46. Ke2 Rd6 47. Rc7+ Kf6 48. Ra1 g5 49. Rh7 Kg6 50. Ra7 Rc6 51. Ra8 Kf6 52. Rh8 Rc2+ 53. Ke3 Rc3+ 54. Ke2 f4 55. gxf4 gxf4 56. Rf8+ Ke5 57. Re8+ Kd4 58. Rd8+ Ke5 59. Re8+ Kd4 60. Rd8+ Ke5 1/2-1/2

[Event "Las Vegas National op"]
[Site "Las Vegas"]
[Date "2004.06.18"]
[Round "1"]
[White "Rust, Larry"]
[Black "Eisen, Lewis"]
[Result "1/2-1/2"]
[WhiteElo "1982"]
[BlackElo "2242"]
[PlyCount "79"]
[EventDate "2004.06.18"]
[EventType "swiss"]
[EventRounds "6"]
[EventCountry "USA"]
[SourceTitle "CBM 100 Extra"]
[Source "ChessBase"]
[SourceDate "2004.07.06"]
[SourceVersion "2"]
[SourceVersionDate "2004.07.06"]
[SourceQuality "1"]

1. e4 c5 2. Nf3 e6 3. d4 cxd4 4. Nxd4 Nc6 5. Nc3 a6 6. g3 d6 7. Bg2 Bd7 8. 0-0 Be7 9. Nce2 Nf6 10. c4 Rb8 11. Nc3 Nxd4 12. Qxd4 b5 13. cxb5 axb5 14. e5 dxe5 15. Qxe5 b4 16. Ne4 0-0 17. Bf4 Rb5 18. Qd4 Nd5 19. Bd6 Bc6 20. Rac1 Bxd6 21. Rxc6 Be7 22. Rfc1 Ra5 23. Qc4 Qa8 24. Rc8 Rxc8 25. Qxc8+ Qxc8 26. Rxc8+ Bf8 27. a3 bxa3 28. bxa3 g6 29. Nc3 Nxc3 30. Rxc3 Bxa3 31. Rc8+ Kg7 32. Ra8 Rxa8 33. Bxa8 e5 34. Kf1 f5 35. f3 h5 36. Ke2 Kf6 37. h4 Ke6 38. Bb7 Bc5 39. g4 Be7 40. g5 1/2-1/2

[Event "Seville op 28th"]
[Site "Seville"]
[Date "2003.01.15"]
[Round "6"]
[White "Eisen, Lewis"]
[Black "Zhao, Jun"]
[Result "0-1"]
[WhiteElo "2242"]
[BlackElo "2421"]
[PlyCount "58"]
[EventDate "2003.01.10"]
[EventType "swiss"]
[EventRounds "9"]
[EventCountry "ESP"]
[SourceTitle "CBM 092 Extra"]
[Source "ChessBase"]
[SourceDate "2003.03.07"]
[SourceVersion "1"]
[SourceVersionDate "2003.03.07"]
[SourceQuality "1"]

1. e4 c5 2. Nf3 d6 3. d4 Nf6 4. Nc3 cxd4 5. Nxd4 a6 6. Bc4 e6 7. Bb3 Nbd7 8. Bg5 Nc5 9. f4 Be7 10. Qf3 Qc7 11. 0-0-0 b5 12. f5 b4 13. fxe6 Nxb3+ 14. axb3 bxc3 15. exf7+ Kxf7 16. Bxf6 Bxf6 17. e5 dxe5 18. Qd5+ Kg6 19. Qe4+ Kh6 20. Nf3 Bb7 21. Qe3+ Kg6 22. bxc3 Rhd8 23. h4 Kf7 24. Rdf1 Kg8 25. Ng5 Bxg2 26. Rxf6 Bxh1 27. Rf1 Bg2 28. Rf2 Qa5 29. Kb2 Rd1 0-1

[Event "Oz.com qual blitz"]
[Site "ICC INT"]
[Date "2000.03.05"]
[Round "3"]
[White "Eisen, Lewis"]
[Black "Volkov, Sergey"]
[Result "1-0"]
[WhiteElo "2263"]
[BlackElo "2582"]
[PlyCount "81"]
[EventDate "2000.03.05"]
[EventType "swiss (blitz)"]
[EventRounds "9"]
[EventCountry "USA"]
[SourceTitle "EXT 2001"]
[Source "ChessBase"]
[SourceDate "2000.11.22"]
[SourceVersion "1"]
[SourceVersionDate "2000.11.22"]
[SourceQuality "1"]

1. e4 e6 2. d4 d5 3. Nc3 Nf6 4. Bg5 dxe4 5. Nxe4 Be7 6. Bxf6 gxf6 7. Nf3 b6 8. Bb5+ c6 9. Be2 Bb7 10. Qd3 Nd7 11. 0-0-0 Qc7 12. Kb1 0-0-0 13. Qe3 h5 14. c4 Kb8 15. Nc3 Nf8 16. h4 Ng6 17. g3 f5 18. Ng5 Bf6 19. f4 c5 20. d5 Rhe8 21. Nb5 Qc8 22. Nxf7 exd5 23. Qa3 a6 24. Nbd6 Qe6 25. Nxd8 Qxe2 26. N8xb7 Re3 27. Rhe1 Qxe1 28. Rxe1 Rxe1+ 29. Kc2 d4 30. Nxc5 bxc5 31. Qxc5 d3+ 32. Kxd3 Re7 33. Qb6+ Ka8 34. Qxa6+ Kb8 35. Qb6+ Ka8 36. Qd8+ Ka7 37. Nc8+ Kb7 38. Nxe7 Nxe7 39. Qd7+ Ka8 40. Qe6 Bxb2 41. Qxe7 1-0

[Event "Oz.com qual blitz"]
[Site "ICC INT"]
[Date "2000.03.05"]
[Round "2"]
[White "Gelashvili, Tamaz"]
[Black "Eisen, Lewis"]
[Result "1-0"]
[WhiteElo "2514"]
[BlackElo "2263"]
[PlyCount "95"]
[EventDate "2000.03.05"]
[EventType "swiss (blitz)"]
[EventRounds "9"]
[EventCountry "USA"]
[SourceTitle "EXT 2001"]
[Source "ChessBase"]
[SourceDate "2000.11.22"]
[SourceVersion "1"]
[SourceVersionDate "2000.11.22"]
[SourceQuality "1"]

1. e4 d5 2. exd5 Qxd5 3. Nc3 Qa5 4. d4 Nf6 5. Bc4 c6 6. Nge2 Bf5 7. 0-0 e6 8. Ng3 Bg6 9. f4 Be7 10. f5 Bxf5 11. Nxf5 exf5 12. Qe2 Nbd7 13. Bd2 Qd8 14. Rae1 Nb6 15. Bb3 Qxd4+ 16. Be3 Qe5 17. Qf3 Ng4 18. Bf4 Qc5+ 19. Kh1 0-0 20. h3 Nf6 21. Be3 Qd6 22. Qxf5 Rae8 23. Ne4 Qd8 24. Ng5 Nbd5 25. Bd4 h6 26. Bxd5 hxg5 27. Bxf6 Bxf6 28. Be4 g6 29. Qxf6 Qxf6 30. Rxf6 Re7 31. Re2 Rfe8 32. Ref2 Rxe4 33. Rxf7 Re2 34. Rxe2 Rxe2 35. Rxb7 Rxc2 36. Kh2 a5 37. Kg3 a4 38. a3 Kf8 39. Kf3 Kg8 40. g3 Rc4 41. Rb4 Rxb4 42. axb4 Kf7 43. Ke4 Ke6 44. Kd4 g4 45. hxg4 g5 46. Kc5 Kd7 47. b5 cxb5 48. Kxb5 1-0

[Event "Oz.com qual blitz"]
[Site "ICC INT"]
[Date "2000.03.05"]
[Round "6"]
[White "Lugo, Blas"]
[Black "Eisen, Lewis"]
[Result "0-1"]
[WhiteElo "2415"]
[BlackElo "2263"]
[PlyCount "72"]
[EventDate "2000.03.05"]
[EventType "swiss (blitz)"]
[EventRounds "9"]
[EventCountry "USA"]
[SourceTitle "EXT 2001"]
[Source "ChessBase"]
[SourceDate "2000.11.22"]
[SourceVersion "1"]
[SourceVersionDate "2000.11.22"]
[SourceQuality "1"]

1. e4 d5 2. exd5 Qxd5 3. Nc3 Qa5 4. d4 Nf6 5. Bc4 c6 6. Nf3 Bf5 7. Bd2 e6 8. Qe2 Bb4 9. a3 Nbd7 10. 0-0-0 Bxc3 11. Bxc3 Qc7 12. Ne5 Nxe5 13. dxe5 Nd5 14. Bxd5 cxd5 15. Bb4 Rc8 16. Rd2 Qc4 17. Qxc4 Rxc4 18. f3 h5 19. b3 Rc6 20. Kb2 f6 21. Re1 Kf7 22. c4 dxc4 23. Rd7+ Kg6 24. exf6 gxf6 25. Rxb7 cxb3 26. Kxb3 a6 27. h4 e5 28. Re2 Rhc8 29. Ka4 Rd8 30. Re3 Bc2+ 31. Rb3 Rd3 32. Bf8 Rxb3 33. Rg7+ Kf5 34. g4+ hxg4 35. fxg4+ Ke4 36. Bb4 Rd3+ 0-1

[Event "USA-chT Amateur East"]
[Site "Parsippany"]
[Date "1999.02.13"]
[Round "2"]
[White "Siegel, Noah J"]
[Black "Eisen, Lewis"]
[Result "1-0"]
[WhiteElo "2247"]
[BlackElo "2270"]
[PlyCount "38"]
[EventDate "1999.02.??"]
[EventType "team"]
[EventRounds "6"]
[EventCountry "USA"]
[SourceTitle "EXT 2000"]
[Source "ChessBase"]
[SourceDate "1999.11.16"]
[SourceVersion "1"]
[SourceVersionDate "1999.11.16"]
[SourceQuality "1"]

1. d4 d5 2. c4 c6 3. Nc3 Nf6 4. e3 a6 5. a4 e6 6. Nf3 Nbd7 7. Bd3 dxc4 8. Bxc4 c5 9. 0-0 Be7 10. Qe2 0-0 11. Rd1 cxd4 12. Rxd4 Qc7 13. Ba2 Qb8 14. b3 e5 15. Rd1 e4 16. Nd2 Bd6 17. h3 Bh2+ 18. Kh1 Be5 19. Bb2 Nc5 1-0

[Event "US Masters op"]
[Site "Hawaii"]
[Date "1998.07.25"]
[Round "5"]
[White "Kahane, Gabe"]
[Black "Eisen, Lewis"]
[Result "1/2-1/2"]
[WhiteElo "2100"]
[BlackElo "2325"]
[PlyCount "27"]
[EventDate "1998.07.??"]
[EventType "swiss"]
[EventRounds "9"]
[EventCountry "USA"]
[SourceTitle "EXT 1999"]
[Source "ChessBase"]
[SourceDate "1998.11.16"]
[SourceVersion "1"]
[SourceVersionDate "1998.11.16"]
[SourceQuality "1"]

1. e4 c5 2. Nf3 e6 3. d4 cxd4 4. Nxd4 Nc6 5. Nc3 a6 6. Be3 Qc7 7. Be2 Nge7 8. Qd2 Nxd4 9. Qxd4 b5 10. 0-0 Nc6 11. Qb6 Qxb6 12. Bxb6 Rb8 13. Be3 Bb4 14. Nd1 1/2-1/2

[Event "US Masters op"]
[Site "Hawaii"]
[Date "1998.07.22"]
[Round "2"]
[White "Eisen, Lewis"]
[Black "Shahade, Jennifer"]
[Result "0-1"]
[WhiteElo "2325"]
[BlackElo "2185"]
[PlyCount "72"]
[EventDate "1998.07.??"]
[EventType "swiss"]
[EventRounds "9"]
[EventCountry "USA"]
[SourceTitle "EXT 1999"]
[Source "ChessBase"]
[SourceDate "1998.11.16"]
[SourceVersion "1"]
[SourceVersionDate "1998.11.16"]
[SourceQuality "1"]

1. e4 c5 2. b3 b6 3. d4 cxd4 4. Qxd4 Nc6 5. Qb2 e6 6. Nf3 Be7 7. Bb5 Qc7 8. Bxc6 Qxc6 9. e5 Nh6 10. Bxh6 gxh6 11. Nbd2 Bb7 12. 0-0-0 b5 13. Kb1 0-0 14. Rhe1 Kh8 15. Ne4 a5 16. Qc1 a4 17. b4 Rac8 18. Rd4 Rg8 19. Re2 Rxg2 20. Qxh6 Rg6 21. Qf4 a3 22. Qc1 f5 23. Ned2 Rg4 24. h3 Rxd4 25. Nxd4 Qc3 26. N2b3 Qxb4 27. f4 Be4 28. Qd2 Qc4 29. Qa5 Bb4 30. Qxb5 Qc3 31. Kc1 Qb2+ 32. Kd1 Bc3 33. Qxd7 Rg8 34. Rf2 Qb1+ 35. Nc1 Qxc1+ 36. Ke2 Qe1# 0-1